| 000 | 00769nam a22002297a 4500 | ||
|---|---|---|---|
| 999 |
_c7149 _d7149 |
||
| 003 | AR-CdUCM | ||
| 008 | 190320b ||||| |||| 00| 0 spa d | ||
| 040 |
_aMUNICIPALIDAD PROVINCIAL DEL CUSCO _cBIBLIOTECA MUNICIPAL DEL CUSCO |
||
| 082 |
_a549.0711 / _bB81 |
||
| 100 |
_aBrauns, R. _920160 |
||
| 245 | _aMineralogia General / | ||
| 260 |
_aMexico : _bHispano Americana, _c1961. |
||
| 300 |
_a158 paginas ; _bDibujos, ilustraciones, cuadros, _c17 cm. |
||
| 440 |
_aManuales Uteha _n4 _919636 |
||
| 505 | _aContenido: Minerales -- cristales -- propiedades magicas de los cristales | ||
| 650 |
_aCristales _920161 |
||
| 650 |
_aMinerales _919427 |
||
| 650 |
_aCiencias Naturales _910176 |
||
| 700 |
_aTeresa Toral, Maria _919999 |
||
| 942 |
_2ddc _cLIBROS |
||
| 945 | _apjha | ||